[Event "SportAccord Blitz w 2014"]
[Site "Beijing CHN"]
[Date "2014.12.15"]
[Round "25.3"]
[White "Dzagnidze, Nana"]
[Black "Paehtz, Elisabeth"]
[Result "1/2-1/2"]
[WhiteTitle "GM"]
[BlackTitle "IM"]
[WhiteElo "2570"]
[BlackElo "2485"]
[WhiteFideId "13601903"]
[BlackFideId "4641833"]
[EventDate "2014.12.13"]

1. d4 e6 2. Nf3 c5 3. g3 Qa5+ 4. c3 cxd4 5. Nxd4 d5 6. Bg2 Nc6 7. O-O Nf6 8. Nd2
Nxd4 9. cxd4 Bd7 10. Nb3 Qb6 11. Bf4 Be7 12. Rc1 O-O 13. Qd2 Bb4 14. Qc2 Bc6 15.
a3 Be7 16. Nc5 a5 17. e3 Rfc8 18. Qd2 a4 19. Rc3 Qa5 20. Qc2 Qa7 21. Rc1 h6 22.
Bh3 Nd7 23. Nxe6 fxe6 24. Bxe6+ Kh8 25. Bxd5 Nf6 26. Bxc6 bxc6 27. Rxc6 Re8 28.
Be5 Qb7 29. h3 Qd7 30. Kh2 Qd5 31. Qg6 Qf3 32. R1c2 Rf8 33. Re6 Rae8 34. Bxf6
gxf6 35. Qxh6+ Kg8 36. Qg6+ Kh8 37. Re4 f5 38. Rf4 Qd5 39. Rc6 Rf7 40. Qh5+ Kg8
41. Rg6+ Rg7 42. Rxg7+ Kxg7 43. Qxe8 Bd6 44. Qd7+ Kg6 45. Rh4 Bxg3+ 46. Kxg3
Qxd7 47. d5 Qxd5 48. Rxa4 Qe5+ 49. Rf4 Qxb2 50. a4 Qa1 51. h4 Kf6 52. Kh2 Ke5
53. Kg2 Qa2 54. Kh2 Qd5 55. Kg1 Qg8+ 56. Kh2 Qf7 57. Kg3 Qg7+ 58. Kh2 Qb7 59.
Kg1 Qb1+ 60. Kg2 Qa1 61. Kh2 Kf6 62. Kg2 Kg6 63. Kh2 Qa2 64. Kg3 Qa3 65. Kf3 Qa2
66. Kg2 Qd5+ 67. Kh2 Qa2 1/2-1/2

[Event "SportAccord Blitz w 2014"]
[Site "Beijing CHN"]
[Date "2014.12.15"]
[Round "25.4"]
[White "Zhao, Xue"]
[Black "Ushenina, Anna"]
[Result "0-1"]
[WhiteTitle "GM"]
[BlackTitle "GM"]
[WhiteElo "2514"]
[BlackElo "2494"]
[WhiteFideId "8601283"]
[BlackFideId "14110911"]
[EventDate "2014.12.13"]

1. d4 d5 2. c4 c6 3. Nf3 e6 4. Nbd2 Nd7 5. g3 b6 6. Bg2 Bb7 7. O-O f5 8. b3 Bd6
9. a4 Qe7 10. a5 Rb8 11. Bb2 Ngf6 12. Ne5 O-O 13. axb6 axb6 14. Ra7 Bb4 15. Qc2
Nxe5 16. dxe5 Ne4 17. Nf3 c5 18. cxd5 exd5 19. Rd1 Ra8 20. Rxa8 Rxa8 21. Ne1
Bxe1 22. Rxe1 d4 23. e3 dxe3 24. Rxe3 Ng5 25. Qxf5 Bxg2 26. Kxg2 Rf8 27. Qg4 Ne6
28. Qc4 Kh8 29. Re2 h6 30. f4 Qb7+ 31. Qe4 Qd7 32. f5 Ng5 33. e6 Qd6 34. Qb7 Rg8
35. h4 Qd3 36. Kf1 Qxf5+ 37. Rf2 Qb1+ 38. Kg2 Nxe6 39. Qd5 0-1

[Event "SportAccord Blitz w 2014"]
[Site "Beijing CHN"]
[Date "2014.12.15"]
[Round "25.6"]
[White "Cramling, Pia"]
[Black "Khotenashvili, Bela"]
[Result "1/2-1/2"]
[WhiteTitle "GM"]
[BlackTitle "GM"]
[WhiteElo "2518"]
[BlackElo "2504"]
[WhiteFideId "1700030"]
[BlackFideId "13602640"]
[EventDate "2014.12.13"]

1. d4 g6 2. e4 Bg7 3. c4 d6 4. Nc3 c5 5. d5 e6 6. Bd3 Ne7 7. h3 a6 8. Nf3 O-O 9.
a4 h6 10. O-O exd5 11. exd5 Bf5 12. Bf4 Bxd3 13. Qxd3 Nf5 14. Rfe1 b6 15. Re2
Ra7 16. Rae1 Re7 17. Rxe7 Nxe7 18. Ne4 Nc8 19. b3 f5 20. Nc3 Re8 21. Re6 Rxe6
22. dxe6 Nc6 23. Nd5 Qe8 24. Nc7 Qe7 25. Nxa6 Qxe6 26. Nc7 Qf7 27. Nb5 Nb4 28.
Qd1 d5 29. cxd5 Qxd5 30. Qxd5+ Nxd5 31. Be5 Nce7 32. Bxg7 Kxg7 33. Ne5 f4 34.
Kf1 Kf6 35. Nc4 Nc6 36. Ke2 g5 37. Kd3 h5 38. Nd2 Kf5 39. f3 Ne3 40. Nc4 Nd5 41.
Ncd6+ Ke6 42. Ne4 Kf5 43. Ned6+ Kg6 44. Nc4 Ncb4+ 45. Ke2 Kf5 46. Ncd6+ Ke6 47.
Nc4 Nc2 48. Nd2 Nce3 49. Ne4 Kf5 50. Nbd6+ Kg6 51. Nc4 Nxg2 52. Ned6 Nge3 53. a5
bxa5 54. Nxa5 Nc2 55. Nb5 Kf5 56. Nb7 Nd4+ 57. Nxd4+ cxd4 58. Kd3 Ke5 59. Nc5
Nb4+ 60. Kc4 Nc2 61. Nd3+ Kd6 62. b4 Kc6 63. Ne5+ Kb6 64. Nd7+ Kc7 65. Ne5 Kd6
66. Nf7+ Kc6 67. Nxg5 Kb6 68. Ne6 Ne1 69. Nxd4 h4 70. Kd5 Nd3 71. Ke4 Nf2+ 72.
Kxf4 Nxh3+ 73. Kg4 Ng1 74. Kxh4 Nxf3+ 75. Nxf3 Kb5 76. Nd4+ Kxb4 1/2-1/2

[Event "SportAccord Blitz w 2014"]
[Site "Beijing CHN"]
[Date "2014.12.15"]
[Round "25.7"]
[White "Harika, Dronavalli"]
[Black "Ju, Wenjun"]
[Result "0-1"]
[WhiteTitle "GM"]
[BlackTitle "GM"]
[WhiteElo "2505"]
[BlackElo "2568"]
[WhiteFideId "5015197"]
[BlackFideId "8603006"]
[EventDate "2014.12.13"]

1. d4 Nf6 2. Nf3 e6 3. e3 b6 4. Bd3 Bb7 5. b3 d5 6. Bb2 Bd6 7. O-O O-O 8. Nbd2
Ne4 9. c4 Nd7 10. Rc1 f5 11. Qe2 a6 12. Ne5 Qe7 13. Ndf3 Ndf6 14. Ne1 c5 15. f3
Ng5 16. Nc2 Nf7 17. cxd5 Nxd5 18. Bc4 b5 19. Bxd5 Bxd5 20. e4 fxe4 21. fxe4 Bb7
22. Nxf7 Rxf7 23. Rxf7 Qxf7 24. dxc5 Bxc5+ 25. Bd4 Bd6 26. e5 Be7 27. Rf1 Qg6
28. Ne1 Rd8 29. Bb6 Rc8 30. Bd4 h6 31. a4 bxa4 32. bxa4 Bd5 33. h3 Bc4 34. Qe3
Bxf1 35. Kxf1 Qb1 36. Kf2 Bh4+ 37. g3 Bg5 38. Qe2 Rd8 39. Be3 Qf5+ 40. Nf3 Bxe3+
41. Qxe3 Qxh3 42. Qe2 Rf8 43. Qe4 Qh2+ 44. Ke3 Qxg3 45. Ke2 Qxf3+ 0-1

[Event "SportAccord Blitz w 2014"]
[Site "Beijing CHN"]
[Date "2014.12.15"]
[Round "25.8"]
[White "Kosintseva, Tatiana"]
[Black "Koneru, Humpy"]
[Result "0-1"]
[WhiteTitle "GM"]
[BlackTitle "GM"]
[WhiteElo "2483"]
[BlackElo "2581"]
[WhiteFideId "4133471"]
[BlackFideId "5008123"]
[EventDate "2014.12.13"]

1. e4 c5 2. Nf3 b6 3. d4 cxd4 4. Nxd4 Bb7 5. Bd3 e6 6. O-O a6 7. c4 Qc7 8. Nc3
Nf6 9. Be3 Be7 10. f4 d6 11. f5 Qc8 12. Na4 Bd8 13. fxe6 fxe6 14. Qb3 Nc6 15.
Nxb6 Bxb6 16. Qxb6 O-O 17. Nxe6 Qxe6 18. Qxb7 Ne5 19. Rad1 Rfb8 20. Qc7 Rxb2 21.
Bf4 Qg4 22. Bg3 Nxd3 23. Rxd3 Qe2 0-1

[Event "SportAccord Blitz w 2014"]
[Site "Beijing CHN"]
[Date "2014.12.15"]
[Round "26.1"]
[White "Paehtz, Elisabeth"]
[Black "Muzychuk, Anna"]
[Result "0-1"]
[WhiteTitle "IM"]
[BlackTitle "GM"]
[WhiteElo "2485"]
[BlackElo "2545"]
[WhiteFideId "4641833"]
[BlackFideId "14111330"]
[EventDate "2014.12.13"]

1. e4 c5 2. Nc3 e6 3. Nf3 Nc6 4. d4 cxd4 5. Nxd4 Nf6 6. Nb3 Bb4 7. Bd3 d5 8.
exd5 Nxd5 9. Bd2 Nxc3 10. bxc3 Be7 11. O-O O-O 12. Qe2 Qc7 13. f4 g6 14. Rae1 b6
15. Rf3 Bb7 16. Rh3 Bf6 17. Qg4 Ne7 18. Nd4 Nf5 19. Nf3 Qc5+ 20. Kh1 Qf2 21. Re2
h5 22. Rxh5 Bxf3 23. Qxf3 Qxf3 24. gxf3 gxh5 0-1

[Event "SportAccord Blitz w 2014"]
[Site "Beijing CHN"]
[Date "2014.12.15"]
[Round "26.2"]
[White "Stefanova, Antoaneta"]
[Black "Kosintseva, Tatiana"]
[Result "1/2-1/2"]
[WhiteTitle "GM"]
[BlackTitle "GM"]
[WhiteElo "2517"]
[BlackElo "2483"]
[WhiteFideId "2902257"]
[BlackFideId "4133471"]
[EventDate "2014.12.13"]

1. d4 Nf6 2. Nf3 d5 3. Bf4 c5 4. e3 Nc6 5. c3 cxd4 6. exd4 Bg4 7. Nbd2 e6 8. h3
Bh5 9. Qb3 Qc8 10. g4 Bg6 11. Ne5 Be7 12. Bb5 O-O 13. Bxc6 bxc6 14. Qa4 c5 15.
Nc6 Qd7 16. Nxe7+ Qxe7 17. O-O cxd4 18. cxd4 Rfc8 19. Rfc1 h5 20. f3 Ne8 21. Qa6
Qd7 22. Be5 f6 23. Bg3 Bf7 24. b4 hxg4 25. hxg4 e5 26. dxe5 d4 27. Qd3 fxe5 28.
Bxe5 Rd8 29. Ne4 Qd5 30. Rc5 Qb7 31. a3 Rac8 32. Rac1 Rxc5 33. Rxc5 Qd7 34. b5
Qe6 35. Rc2 Qxe5 36. a4 Nf6 37. Nxf6+ Qxf6 38. Rh2 Re8 39. Qh7+ Kf8 40. Qh8+ Bg8
41. Rh5 Re5 42. Rxe5 Qxe5 43. Qh4 Qf6 44. Qg3 Be6 45. Qb8+ Kf7 46. Qxa7+ Kg6 47.
Qb7 Qe5 48. a5 Bd5 49. Qb6+ Kh7 50. a6 d3 51. Qf2 Qc3 52. Qh4+ Kg8 53. Qd8+ Kh7
54. Qxd5 Qe1+ 55. Kg2 Qe2+ 56. Kg3 d2 57. Qh5+ Kg8 58. Qd5+ Kf8 59. Qd8+ Kf7 60.
Qd7+ Kf8 61. Qd8+ Kf7 62. Qd7+ Kf8 63. Qd8+ Kf7 64. Qd7+ 1/2-1/2

[Event "SportAccord Blitz w 2014"]
[Site "Beijing CHN"]
[Date "2014.12.15"]
[Round "26.3"]
[White "Koneru, Humpy"]
[Black "Harika, Dronavalli"]
[Result "1/2-1/2"]
[WhiteTitle "GM"]
[BlackTitle "GM"]
[WhiteElo "2581"]
[BlackElo "2505"]
[WhiteFideId "5008123"]
[BlackFideId "5015197"]
[EventDate "2014.12.13"]

1. Nf3 Nf6 2. b3 g6 3. Bb2 Bg7 4. c4 O-O 5. g3 d6 6. d4 e5 7. Bg2 Nbd7 8. O-O e4
9. Nfd2 Qe7 10. e3 c5 11. Re1 Nb6 12. Nc3 Bf5 13. f3 exf3 14. Bxf3 Rae8 15. e4
Bh3 16. e5 Nfd7 17. a4 cxd4 18. Nb5 Nxe5 19. a5 Nbd7 20. Bg2 Bxg2 21. Kxg2 d3
22. Nxa7 Nc5 23. Nb5 Qd7 24. Bxe5 dxe5 25. b4 Ne6 26. Ne4 Rd8 27. Ned6 Qc6+ 28.
Qf3 Rxd6 29. Nxd6 Qxd6 30. Qxb7 d2 31. Red1 e4 32. Ra2 e3 33. Qf3 Qd3 34. Raxd2
Qxc4 35. Qxe3 Qxb4 36. a6 h5 37. a7 Qb7+ 38. Kg1 Kh7 39. Rd7 Qa6 40. R1d6 Qa1+
41. Rd1 Qa6 42. R1d6 Qa1+ 43. Rd1 1/2-1/2

[Event "SportAccord Blitz w 2014"]
[Site "Beijing CHN"]
[Date "2014.12.15"]
[Round "26.4"]
[White "Ju, Wenjun"]
[Black "Gunina, Valentina"]
[Result "1-0"]
[WhiteTitle "GM"]
[BlackTitle "GM"]
[WhiteElo "2568"]
[BlackElo "2522"]
[WhiteFideId "8603006"]
[BlackFideId "4167570"]
[EventDate "2014.12.13"]

1. e4 c6 2. Nc3 d5 3. Nf3 dxe4 4. Nxe4 Bf5 5. Ng3 Bg6 6. h4 f6 7. Bc4 e5 8. d4
exd4 9. Nxd4 Bc5 10. Qe2+ Qe7 11. Ne6 b5 12. h5 Bf7 13. Nf5 bxc4 14. Nxe7 Bxe6
15. Qxe6 Nxe7 16. O-O Nd7 17. Be3 Bxe3 18. fxe3 Rf8 19. Rad1 Rd8 20. Rd4 f5 21.
Rfd1 Rf6 22. Qxc4 Nd5 23. Rxd5 cxd5 24. Rxd5 Ke7 25. Qd4 a6 26. c4 g6 27. c5
gxh5 28. Rd6 h4 29. Qxh4 Rf8 1-0

[Event "SportAccord Blitz w 2014"]
[Site "Beijing CHN"]
[Date "2014.12.15"]
[Round "26.5"]
[White "Hou, Yifan"]
[Black "Cramling, Pia"]
[Result "1-0"]
[WhiteTitle "GM"]
[BlackTitle "GM"]
[WhiteElo "2673"]
[BlackElo "2518"]
[WhiteFideId "8602980"]
[BlackFideId "1700030"]
[EventDate "2014.12.13"]

1. e4 c5 2. Nc3 Nc6 3. Bb5 Nd4 4. Bc4 g6 5. Nf3 Bg7 6. Nxd4 cxd4 7. Qf3 e6 8.
Nb5 d6 9. Qa3 Ke7 10. c3 dxc3 11. dxc3 a6 12. Nd4 e5 13. Nc2 Be6 14. Qb3 Qc7 15.
Bd5 Bxd5 16. Qxd5 Qc6 17. Qd3 h6 18. Nb4 Qe8 19. Nd5+ 1-0

[Event "SportAccord Blitz w 2014"]
[Site "Beijing CHN"]
[Date "2014.12.15"]
[Round "26.6"]
[White "Khotenashvili, Bela"]
[Black "Muzychuk, Mariya"]
[Result "1/2-1/2"]
[WhiteTitle "GM"]
[BlackTitle "IM"]
[WhiteElo "2504"]
[BlackElo "2529"]
[WhiteFideId "13602640"]
[BlackFideId "14114550"]
[EventDate "2014.12.13"]

1. d4 d5 2. Nf3 Nf6 3. Bg5 Bf5 4. e3 e6 5. c3 Be7 6. Nbd2 h6 7. Bh4 c5 8. Ne5
Nc6 9. Bb5 Qc7 10. O-O O-O 11. f4 Ne4 12. Bxe7 Nxe7 13. Nxe4 Bxe4 14. Bd3 f6 15.
Ng4 Nf5 16. Bxe4 dxe4 17. Qb3 Qc6 18. Rfe1 c4 19. Qc2 Ne7 20. b3 Rfc8 21. bxc4
Qxc4 22. Qxe4 Rc6 23. Qf3 Qxc3 24. Rab1 Rac8 25. h3 b6 26. Kh2 Qa3 27. Re2 Rc2
28. Rxc2 Rxc2 29. Qb7 Kf7 30. e4 h5 31. Ne5+ fxe5 32. fxe5 Qf3 33. Rg1 Qf4+ 34.
Kh1 Rxa2 35. Qa8 Re2 36. Qh8 Qh6 37. Rf1+ Kg6 38. Qe8+ Kh7 39. Qxe7 Qg6 40. Rg1
Rxe4 41. Qxa7 Rxd4 42. Qxb6 Re4 43. Qc7 Qf5 44. Qd8 Qxe5 45. Qe8 Re1 46. Rxe1
Qxe1+ 47. Kh2 Qe5+ 48. Kg1 Qf5 49. Qd7 Kh6 50. Qd2+ Kg6 51. Qd7 e5 52. Qe8+ Kh7
53. Qb5 Qf4 54. Qb8 Qe3+ 55. Kh2 Qf4+ 56. Kg1 Qc1+ 57. Kh2 Qe3 58. Qd6 e4 59.
Qe5 h4 60. Qh5+ Qh6 61. Qf5+ Qg6 62. Qe5 Kh6 63. Qf4+ Kh5 64. Qe5+ Kh6 65. Qf4+
Kh7 66. Qxh4+ Kg8 67. Qd8+ Kh7 68. Qe7 Qf5 69. h4 Qf4+ 70. Kh3 Qe3+ 71. g3 Qf3
72. Qd6 Qf5+ 73. Kg2 e3 74. Qf4 Qd5+ 75. Kh2 e2 76. Qe3 Qc4 77. h5 Qg4 78. Qd3+
Kh6 79. Qe3+ Kxh5 80. Kg2 Kg6 81. Qe8+ Kh7 82. Qe3 Qh5 83. Kf2 Qh2+ 84. Ke1 g6
85. Qe7+ Kh6 86. Qf8+ Kh7 87. Qf7+ Kh6 88. Qf4+ Kh7 89. Qf7+ Kh6 90. Qf4+ Kh7
91. Qf7+ 1/2-1/2

[Event "SportAccord Blitz w 2014"]
[Site "Beijing CHN"]
[Date "2014.12.15"]
[Round "26.8"]
[White "Ushenina, Anna"]
[Black "Dzagnidze, Nana"]
[Result "0-1"]
[WhiteTitle "GM"]
[BlackTitle "GM"]
[WhiteElo "2494"]
[BlackElo "2570"]
[WhiteFideId "14110911"]
[BlackFideId "13601903"]
[EventDate "2014.12.13"]

1. d4 Nf6 2. c4 e6 3. Nc3 Bb4 4. e3 O-O 5. Ne2 b6 6. a3 Be7 7. Nf4 Bb7 8. Be2 d6
9. O-O Nbd7 10. b3 e5 11. Nfd5 exd4 12. Nxe7+ Qxe7 13. Qxd4 Nc5 14. Rb1 a5 15.
b4 axb4 16. axb4 Nce4 17. Nd5 Nxd5 18. cxd5 Qe5 19. Qxe5 dxe5 20. Bb2 Nd2 21.
Bxe5 Nxb1 22. Rxb1 Bxd5 23. Bxc7 Ra2 24. Bd3 Rd2 25. Ba6 Be4 26. Ra1 Ra8 27. b5
Bd3 28. Rc1 Rb2 29. Bxb6 Bxb5 30. Bb7 Re8 31. Bd4 Ra2 32. h3 h6 33. Bd5 Rd2 34.
Rc7 Rf8 35. Bb3 Rd3 36. Ba2 Ra3 37. Bd5 Rd3 38. Ba2 Rd1+ 39. Kh2 Rd2 40. Bb3
Rxf2 41. Bd5 Bd3 42. Bc5 Rd8 43. Bf3 Bg6 44. Kg3 Rc2 45. Bd4 Rxc7 0-1

[Event "SportAccord Blitz w 2014"]
[Site "Beijing CHN"]
[Date "2014.12.15"]
[Round "27.2"]
[White "Zhao, Xue"]
[Black "Khotenashvili, Bela"]
[Result "0-1"]
[WhiteTitle "GM"]
[BlackTitle "GM"]
[WhiteElo "2514"]
[BlackElo "2504"]
[WhiteFideId "8601283"]
[BlackFideId "13602640"]
[EventDate "2014.12.13"]

1. Nf3 Nf6 2. g3 g6 3. c4 Bg7 4. Bg2 O-O 5. d4 c5 6. d5 d6 7. Nc3 e6 8. O-O exd5
9. cxd5 a6 10. a4 Re8 11. Bf4 Ne4 12. Nxe4 Rxe4 13. Nd2 Rb4 14. b3 Qe7 15. Nc4
Be5 16. Bxe5 dxe5 17. d6 Qe6 18. a5 Nd7 19. Qd3 Rb8 20. Bd5 Qe8 21. Qe3 Kg7 22.
Rfd1 f6 23. Rac1 Qd8 24. Bg2 b5 25. axb6 Bb7 26. Bxb7 Rxb7 27. Qf3 Qc8 28. h4
Nxb6 29. Na5 Rd7 30. Qe3 Rb5 31. Nc4 Qc6 32. Na3 Rb4 33. Rxc5 Qb7 34. Qc3 Na8
35. Nc2 Rxb3 36. Qd2 Rb2 37. Kh2 Qe4 38. f3 Qa4 39. Qd3 Nb6 40. Rc7 Qb5 41. Qxb5
axb5 42. Rd2 b4 43. Rd3 Rxc7 44. dxc7 Rxc2 45. Rd6 Nc8 46. Rd7+ Kh6 47. g4 b3
48. Kg3 b2 49. f4 exf4+ 50. Kxf4 Rc4+ 51. e4 Rxe4+ 52. Kxe4 b1=Q+ 0-1

[Event "SportAccord Blitz w 2014"]
[Site "Beijing CHN"]
[Date "2014.12.15"]
[Round "27.4"]
[White "Ju, Wenjun"]
[Black "Hou, Yifan"]
[Result "0-1"]
[WhiteTitle "GM"]
[BlackTitle "GM"]
[WhiteElo "2568"]
[BlackElo "2673"]
[WhiteFideId "8603006"]
[BlackFideId "8602980"]
[EventDate "2014.12.13"]

1. e4 c5 2. b3 g6 3. Bb2 Nf6 4. Bxf6 exf6 5. Nc3 Bg7 6. Bc4 d6 7. Nge2 O-O 8.
Ng3 Nc6 9. O-O h5 10. h3 h4 11. Nge2 f5 12. d3 f4 13. Nd5 f3 14. Nef4 fxg2 15.
Kxg2 Ne5 16. Rg1 Qd7 17. Kh1 b5 18. d4 bxc4 19. dxe5 dxe5 20. Rg4 exf4 21. bxc4
Qe8 22. Rxf4 g5 23. Qh5 f6 24. Qxe8 Rxe8 25. Nxf6+ Bxf6 26. Rxf6 Kg7 27. Rc6 Re5
28. Rd1 Bxh3 29. Rdd6 Rf8 30. Rg6+ Kf7 31. Rh6 Ke8 32. Kg1 Rxe4 33. Rxc5 Re1+
34. Kh2 Bd7 35. Kg2 h3+ 36. Kg3 Rg1+ 37. Kh2 Rg2+ 38. Kh1 Rfxf2 39. Rh8+ Ke7 40.
Re5+ Kd6 41. Rd5+ Kc6 42. Rh6+ Kc7 43. Rc5+ Kb7 0-1

[Event "SportAccord Blitz w 2014"]
[Site "Beijing CHN"]
[Date "2014.12.15"]
[Round "27.5"]
[White "Gunina, Valentina"]
[Black "Koneru, Humpy"]
[Result "1-0"]
[WhiteTitle "GM"]
[BlackTitle "GM"]
[WhiteElo "2522"]
[BlackElo "2581"]
[WhiteFideId "4167570"]
[BlackFideId "5008123"]
[EventDate "2014.12.13"]

1. d4 Nf6 2. c4 e6 3. Nf3 Bb4+ 4. Bd2 c5 5. Bxb4 cxb4 6. g3 b6 7. Bg2 Bb7 8. O-O
O-O 9. Qb3 a5 10. Nbd2 d6 11. Qd3 Qc7 12. e4 e5 13. Nh4 Nc6 14. d5 Ne7 15. h3
Nd7 16. f4 Nc5 17. Qe3 f6 18. Kh2 a4 19. Rac1 a3 20. b3 Qd7 21. Rf2 Rac8 22. Rd1
Ba6 23. Bf1 Rc7 24. Ndf3 Rcc8 25. Qe1 b5 26. cxb5 Bxb5 27. Qxb4 Bxf1 28. Rfxf1
Qa7 29. Ng2 Rb8 30. Qd2 Nxe4 31. Qe1 Nc5 32. fxe5 fxe5 33. b4 Nd7 34. Ng5 Rxf1
35. Qxf1 Rf8 36. Qd3 Nf6 37. Ne3 h6 38. Ne6 Rc8 39. Rf1 e4 40. Qd2 Qd7 41. Nf4
Nf5 42. Rf2 Nxe3 43. Qxe3 Rc4 44. Qxa3 Qb5 45. Qa8+ Kh7 46. Qf8 Rxb4 47. Ne6 Qb7
48. Qxd6 Rb2 49. Qf4 Rxf2+ 50. Qxf2 Qxd5 51. Nf8+ Kg8 52. Ng6 Qd3 53. Nf4 Qa3
54. Qc2 e3 55. Qc8+ Kh7 56. Qf5+ Kg8 57. Qe6+ Kh7 58. h4 Qc3 59. h5 Qc5 60. Kh3
Qg5 61. Qxe3 Qg4+ 62. Kg2 Nxh5 63. Qe4+ g6 64. Qe7+ Ng7 65. Nd5 Kh8 66. Qf8+ 1-0

[Event "SportAccord Blitz w 2014"]
[Site "Beijing CHN"]
[Date "2014.12.15"]
[Round "27.6"]
[White "Harika, Dronavalli"]
[Black "Stefanova, Antoaneta"]
[Result "1-0"]
[WhiteTitle "GM"]
[BlackTitle "GM"]
[WhiteElo "2505"]
[BlackElo "2517"]
[WhiteFideId "5015197"]
[BlackFideId "2902257"]
[EventDate "2014.12.13"]

1. d4 d5 2. Bg5 f6 3. Bd2 Nc6 4. Nf3 e5 5. dxe5 fxe5 6. e4 dxe4 7. Ng5 e3 8.
Bxe3 Qxd1+ 9. Kxd1 h6 10. Ne4 Nf6 11. Nbc3 Bg4+ 12. f3 O-O-O+ 13. Kc1 Be6 14.
Bb5 Nd4 15. Bd3 c5 16. b3 a6 17. a4 Be7 18. Kb2 Kb8 19. Rhe1 Rc8 20. Nd2 Nd7 21.
Bf2 Bf6 22. Bg3 Ka8 23. Nc4 Bxc4 24. Bxc4 h5 25. h4 Nf5 26. Bf2 Bxh4 27. Bxh4
Nxh4 28. Be6 Rcd8 29. Nd5 Kb8 30. Bh3 Ng6 31. a5 Nf6 32. Nb6 Rhe8 33. Rad1 Rxd1
34. Rxd1 Nf4 35. Nc4 g5 36. Rd6 N6d5 37. Rd7 Re7 38. Rd8+ Ka7 39. Rg8 Nxh3 40.
gxh3 g4 41. hxg4 hxg4 42. Rxg4 b5 43. axb6+ Nxb6 44. Na5 Rc7 45. Rg6 Nd7 46. Re6
Ka8 47. Nc6 Kb7 48. Nxe5 Nxe5 49. Rxe5 Rf7 50. Re3 Rf4 51. Kc3 Kb6 52. Kd3 a5
53. Ke2 Kc6 54. Re4 Rf8 55. Ke3 Rh8 56. Ra4 Kb6 57. Rg4 Rh2 58. Kd3 Kc6 59. Rf4
Kd5 60. Rf5+ Kd6 61. Rf8 Rf2 62. c3 Kd5 63. Rf5+ Kd6 64. Kc4 Rf1 65. Rf6+ Ke5
66. Rf8 Kd6 67. Rf5 a4 68. bxa4 Ra1 69. Kb5 Rb1+ 70. Kc4 Ra1 71. Kb3 Rb1+ 72.
Ka2 Rf1 73. f4 c4 74. a5 Kc6 75. Rf8 Kb5 76. f5 Kxa5 77. f6 Kb6 78. f7 Kb7 79.
Ka3 Rf4 80. Kb4 Ka7 81. Kb5 Kb7 82. Kc5 Ka7 83. Kd5 Kb7 84. Ke5 Rf3 85. Ke4 Rf1
86. Kd5 Rf4 87. Ke6 Re4+ 88. Kf5 Re1 89. Re8 Rf1+ 90. Ke6 1-0

[Event "SportAccord Blitz w 2014"]
[Site "Beijing CHN"]
[Date "2014.12.15"]
[Round "27.7"]
[White "Kosintseva, Tatiana"]
[Black "Paehtz, Elisabeth"]
[Result "1-0"]
[WhiteTitle "GM"]
[BlackTitle "IM"]
[WhiteElo "2483"]
[BlackElo "2485"]
[WhiteFideId "4133471"]
[BlackFideId "4641833"]
[EventDate "2014.12.13"]

1. e4 e6 2. d4 d5 3. Nd2 Nc6 4. Ngf3 Nf6 5. Bd3 Nb4 6. Qe2 Nxd3+ 7. Qxd3 dxe4 8.
Nxe4 Be7 9. Bd2 O-O 10. O-O-O b6 11. Ne5 Bb7 12. f3 Qd5 13. Nc3 Qd6 14. Rhe1 a5
15. g4 Ba6 16. Qe3 b5 17. Ne4 Qd5 18. Kb1 b4 19. g5 Nh5 20. Ng3 f6 21. Nxh5 fxe5
22. f4 exf4 23. Qxe6+ Qxe6 24. Rxe6 Bxg5 25. Rg1 Bc8 26. Rc6 Bd8 27. Nxg7 Kf7
28. Bxf4 Bd7 29. Rh6 Bf6 30. Be5 Bxe5 31. dxe5 Rae8 32. Rf6+ Ke7 33. Rgf1 Rd8
34. Nh5 Be6 35. b3 Rg8 36. Nf4 Bc8 37. Nd3 Be6 38. Nc5 Bd5 39. Rh6 Rg7 40. Kb2
c6 41. a3 Rb8 42. axb4 axb4 43. Ra1 Kf8 44. Rf6+ Kg8 45. e6 Re8 46. Re1 Rge7 47.
Rg1+ Kh8 48. Re1 Kg8 49. h4 Kg7 50. Rf4 Ra8 51. Rxb4 Ra5 52. Rg4+ Kh8 53. b4 Ra8
54. h5 Rb8 55. Kc3 Rf8 56. h6 Rf6 57. Reg1 Re8 58. Rh4 Bxe6 59. Nxe6 Rfxe6 60.
Rg3 Rc8 61. Kc4 Rb8 62. c3 Re5 63. Rd4 Re6 64. Rh4 Re5 65. Rd3 Re7 66. Rd6 Rc8
67. Rf4 Rb7 68. Rff6 Rbc7 69. Kc5 Rb7 70. Rxc6 Re8 71. Rce6 Rc8+ 72. Rc6 Re8 73.
Rfe6 Rf8 74. Re5 Rfb8 75. Rce6 Rb5+ 76. Kc4 Rxe5 77. Rxe5 Kg8 78. Rg5+ Kf8 79.
Rg7 Rc8+ 80. Kb3 Rc6 81. Rxh7 Rd6 82. b5 Re6 83. c4 1-0

[Event "SportAccord Blitz w 2014"]
[Site "Beijing CHN"]
[Date "2014.12.15"]
[Round "27.8"]
[White "Muzychuk, Anna"]
[Black "Ushenina, Anna"]
[Result "1-0"]
[WhiteTitle "GM"]
[BlackTitle "GM"]
[WhiteElo "2545"]
[BlackElo "2494"]
[WhiteFideId "14111330"]
[BlackFideId "14110911"]
[EventDate "2014.12.13"]

1. e4 c5 2. c4 g6 3. Nf3 Bg7 4. d4 Qb6 5. dxc5 Qb4+ 6. Nc3 Bxc3+ 7. bxc3 Qxc5 8.
Qd4 Qxd4 9. cxd4 d6 10. Bb2 Nf6 11. Bd3 Nc6 12. Rc1 Bg4 13. Nd2 O-O 14. f3 Bd7
15. g4 e5 16. Nb3 a5 17. d5 Nb4 18. Bb1 b6 19. Ke2 Rfc8 20. Ke3 Ba4 21. h4 h6
22. Nd2 Nd7 23. a3 Na6 24. f4 Nac5 25. f5 Kg7 26. g5 f6 27. gxf6+ Nxf6 28. Rcg1
h5 29. Rxg6+ Kf7 30. Nf3 Rg8 31. Ng5+ Ke7 32. Rxg8 Rxg8 33. Bd3 Ng4+ 34. Ke2 Bb3
35. Rc1 Nf6 36. Bc3 Rc8 37. Bd2 Rg8 38. Be3 Rc8 39. Bf2 Ng4 40. Bg1 Nf6 41. Bf2
Ng4 42. Bg1 Nf6 43. Be3 Ng4 44. Bd2 Nf6 45. Be3 Ng4 46. Bxc5 Rxc5 47. Ne6 Rc8
48. Rb1 a4 49. Rc1 Rg8 50. Rg1 Rc8 51. Rc1 Nf6 52. Ng5 Ng4 53. Kd2 Nf6 54. Be2
Rc7 55. Kc3 Nd7 56. Ne6 Rc8 57. Rg1 b5 58. Rg7+ Ke8 59. Bxh5# 1-0

[Event "SportAccord Blitz w 2014"]
[Site "Beijing CHN"]
[Date "2014.12.15"]
[Round "28.1"]
[White "Stefanova, Antoaneta"]
[Black "Gunina, Valentina"]
[Result "0-1"]
[WhiteTitle "GM"]
[BlackTitle "GM"]
[WhiteElo "2517"]
[BlackElo "2522"]
[WhiteFideId "2902257"]
[BlackFideId "4167570"]
[EventDate "2014.12.13"]

1. Nf3 d5 2. g3 c6 3. Bg2 Bg4 4. d3 e6 5. O-O Bd6 6. c4 Nd7 7. h3 Bh5 8. e4 dxe4
9. dxe4 Qc7 10. Nc3 Ne7 11. Be3 O-O 12. Qc2 Rfd8 13. Ne2 Bc5 14. Qc3 Bxe3 15.
Qxe3 e5 16. c5 Nf8 17. g4 Bg6 18. Rfd1 Ne6 19. Ng3 f6 20. Bf1 Bf7 21. b4 a5 22.
a3 axb4 23. axb4 Rxa1 24. Rxa1 Nf4 25. Kh2 h6 26. Qc3 Kh7 27. Bc4 Bxc4 28. Qxc4
Rd3 29. Nh4 Rd2 30. Rf1 Qd7 31. Qf7 Neg6 32. Qxd7 Rxd7 33. Nhf5 Rd2 34. Nd6 Nh4
35. Nxb7 Nd3 36. Kg1 Nxb4 37. Nd6 Rc2 38. Ne8 Nd3 39. Nh5 Nxc5 40. Nexg7 Nxe4
41. Ne6 Kg6 42. Nf8+ Kf7 43. Nd7 Rd2 44. Nb6 Ng5 45. Kh2 Ne4 46. Kg1 Rc2 47. Nd7
c5 48. Nb6 c4 49. Nd5 Rd2 50. Ne3 c3 51. Ra1 Nf3+ 52. Kg2 Rxf2+ 53. Kh1 Ke6 54.
Ra6+ Kd7 55. Nxf6+ Nxf6 56. Rxf6 Rh2# 0-1